| 000 -ლიდერი |
| ფიქსირებული სიგრძის საკონტროლო ველი |
01674nam a2200289Ia 4500 |
| 001 - საკონტროლო ნომერი |
| საკონტროლო ველი |
535 |
| 003 - საკონტროლო ნომრის იდენტიფიკატორი |
| საკონტროლო ველი |
GE_BSU |
| 005 - ბოლო ოპერაციის თარიღი და დრო |
| საკონტროლო ველი |
20200120143036.0 |
| 008 - ფიქსირებული სიგრძის მონაცემთა ელემენტები - ზოგადი ინფორმაცია |
| ფიქსირებული სიგრძის საკონტროლო ველი |
190422b2007 ge ||||| |||| 00| 0 geo d |
| 020 ## - წიგნის საერთაშორისო სტანდარტული ნომერი |
| International Standard Book Number |
9789941000966 |
| 040 ## - კატალოგიზაციის წყარო |
| Transcribing agency |
GE_BSU |
| 041 ## - ენის კოდი |
| Language code of text/sound track or separate title |
geo |
| 080 ## - უნივერსალური ათობითი კლასიფიკაციის ინდექსი |
| Universal Decimal Classification number |
616.07(075.8)+616-071.2(075.8) ბ-67 |
| 100 ## - მთავარი ჩანაწერი - პიროვნების სახელი |
| Personal name |
ბიკლი, ლინ ს. |
| 9 (RLIN) |
352 |
| 245 ## - ცნობა სათაურის შესახებ |
| Title |
ბეიტსის კლინიკური გამოკვლევის საფუძვლები./ |
| Statement of responsibility, etc |
ლინ ს. ბიკლი, პეტერ გ. სცილაგუი ; [მთარგმნ.: ირმა მამაცაშვილი, მარინე ჩხაიძე ; რედ. რევაზ თაბუკაშვილი ; პროექტის ხელმძღვ. ნანა სებისკვერაძე ; წინასიტყვ. გიორგი მენაბდე]. |
| 250 ## - გამოცემის ცნობა |
| Edition statement |
მე-9 გამოც. |
| 264 ## - წარმოების, გამოცემის, დისტრიბუციის და სხვა ცნობები |
| გამოცემის, წარმოების, დისტრიბუციის... ადგილი |
თბილისი : |
| გამოცემის, წარმოების, დისტრიბუციის... სახელწოდება |
თბილისის სახელმწიფო სამედიცინო ინსტიტუტი , |
| გამოცემის, წარმოების, დისტრიბუციის... თარიღი |
2007. |
| 300 ## - ფიზიკური აღწერა |
| Extent |
902გვ. ; |
| Other physical details |
ილ. : |
| Dimensions |
28 სმ. |
| 653 ## - INDEX TERM--UNCONTROLLED |
| Uncontrolled term |
მედიცინა |
| 653 ## - INDEX TERM--UNCONTROLLED |
| Uncontrolled term |
კლინიკური დიაგნოსტიკა |
| 653 ## - INDEX TERM--UNCONTROLLED |
| Uncontrolled term |
ანამნეზი |
| 700 ## - ADDED ENTRY--PERSONAL NAME |
| Dates associated with a name |
თაბუკაშვილი, რევაზ |
| Relator term |
რედაქტორი |
| 9 (RLIN) |
353 |
| 700 ## - ADDED ENTRY--PERSONAL NAME |
| Relator term |
ავტორი |
| Personal name |
სცილაგუი, პეტერ გ. |
| 9 (RLIN) |
6252 |
| 700 ## - ADDED ENTRY--PERSONAL NAME |
| Relator term |
მთარგმნელი |
| Personal name |
მამაცაშვილი, ირმა |
| 9 (RLIN) |
6253 |
| 942 ## - ADDED ENTRY ELEMENTS (KOHA) |
| Koha item type |
წიგნი |
| Source of classification or shelving scheme |
|